000 00243nam a2200097Ia 4500
008 190216s9999||||xx |||||||||||||| ||und||
100 _aViswanathan S
245 0 _aHindi-Nayi Kavitha Naya Kavi
260 _bMac Millian And Com. Ltd
942 _cBK
999 _c18006
_d18006